[Event "Championnat de Lorraine 2013"]
[Site "Hayange"]
[Date "2013.05.19"]
[Round "5.5"]
[White "Zienkiewicz, Geoffroy"]
[Black "Schmitt, Gregory"]
[Result "0-1"]
[WhiteElo "1922"]
[BlackElo "2015"]
[PlyCount "72"]
[EventDate "2013.??.??"]

1. d4 Nf6 2. Bg5 d5 3. Bxf6 gxf6 4. c4 Nc6 5. e3 Bf5 6. Nc3 dxc4 7. Bxc4 e6 8.
Nge2 Bd6 9. d5 Ne5 10. Nd4 Nxc4 11. Nxf5 Qd7 12. Qd4 e5 13. Qxc4 Qxf5 14. Ne4
O-O 15. g4 Qf3 16. Rg1 b5 17. Qc2 Bb4+ 18. Kf1 Qh3+ 19. Ke2 Qh6 20. Ng3 Qg6 21.
Nf5 Kh8 22. Rg3 Bd6 23. Rag1 e4 24. Rh3 {Diagramme #} 24... Rae8 25. Rh6 Qg8
26. Rxf6 Re5 27. Nxd6 cxd6 28. Rxd6 Qg5 29. Qc3 Kg8 30. Qc6 b4 31. Kd2 Qh4 32.
Ke2 Qxh2 33. Rg3 Qh1 34. Rh6 Qb1 35. Qf6 Rxd5 36. Rxh7 Qd1# 0-1

[Event "Championnat de Lorraine 2013"]
[Site "Hayange"]
[Date "2013.05.20"]
[Round "6.1"]
[White "Pucher, Sebastien"]
[Black "Carrillo, Jesus"]
[Result "1-0"]
[WhiteElo "2244"]
[BlackElo "2102"]
[PlyCount "69"]
[EventDate "2013.??.??"]

1. e4 c5 2. Nf3 d6 3. d4 cxd4 4. Nxd4 Nf6 5. Nc3 a6 6. Bg5 e6 7. Qe2 Nbd7 8.
O-O-O Qc7 9. f4 Be7 10. g4 b5 11. a3 Bb7 12. Bh4 Nb6 13. g5 Nfd7 14. Rg1 Rc8
15. Be1 d5 {(=)} 16. e5 g6 17. h4 Nc4 18. Rg3 Ndb6 19. Qg4 Bc5 20. h5 Qe7 21.
Nb1 a5 22. Rh3 Bxd4 23. Rxd4 Qc5 24. Qd1 O-O 25. b4 Qc7 26. bxa5 Na4 27. Bxc4
bxc4 28. Bb4 Nc5 29. Nc3 Ba6 30. Qg4 Rfe8 31. hxg6 fxg6 {Diagramme #} 32. Rxd5
exd5 33. Nxd5 Qc6 34. Nf6+ Qxf6 35. gxf6 1-0

[Event "Championnat de Lorraine 2013"]
[Site "Hayange"]
[Date "2013.05.20"]
[Round "6.2"]
[White "Diaz, Jean-Francois"]
[Black "Hisler, Thomas"]
[Result "0-1"]
[WhiteElo "1970"]
[BlackElo "2199"]
[PlyCount "95"]
[EventDate "2013.??.??"]

1. e4 e5 2. Nf3 Nc6 3. Bb5 Nf6 4. O-O Bc5 5. d4 Nxd4 6. Nxd4 Bxd4 7. c3 Bb6 8.
Bg5 h6 9. Bh4 c6 10. Bc4 Qe7 11. Nd2 d6 12. h3 g5 13. Bg3 g4 14. h4 Nh5 15. Kh2
Nf4 16. a4 a6 17. b4 h5 18. b5 Ng6 19. Qb3 Bc5 20. bxc6 bxc6 21. Qa2 Rh7 22.
Nb3 Bb6 23. a5 Ba7 24. Qa4 Bb7 25. Bxa6 Bxf2 26. Rxf2 Rxa6 27. Rd1 Nxh4 28.
Rfd2 Kf8 29. Rxd6 {Diagramme #} 29... Ng6 30. Rd7 Qf6 31. Qb4+ Kg8 32. Qxb7 h4
33. Be1 Qf1 34. Rd8+ Kg7 35. Bd2 Qe2 36. Rd7 Kg8 37. Bh6 Rxh6 38. Rd8+ Kg7 39.
R8d7 Kg8 40. Rd8+ Kg7 41. R8d7 g3+ 42. Kh1 Kg8 43. R7d2 Qc4 44. Qc8+ Kg7 45.
Rd8 h3 46. gxh3 Qxe4+ 47. Kg1 Qe3+ 48. Kh1 0-1

[Event "Championnat de Lorraine 2013"]
[Site "Hayange"]
[Date "2013.05.20"]
[Round "6.3"]
[White "Staeger, Pascal"]
[Black "Etienne, Eric"]
[Result "1/2-1/2"]
[WhiteElo "2078"]
[BlackElo "2076"]
[PlyCount "29"]
[EventDate "2013.??.??"]

1. e4 Nc6 2. d4 e5 3. d5 Nce7 4. Nf3 Ng6 5. h4 h5 6. Be3 Nf6 7. Bg5 Bc5 8. g3
c6 9. Bxf6 Qxf6 10. Be2 d6 11. Nc3 a5 12. Qd2 Ne7 13. Qg5 Qxg5 14. hxg5 cxd5
15. Bb5+ 1/2-1/2

[Event "Championnat de Lorraine 2013"]
[Site "Hayange"]
[Date "2013.05.20"]
[Round "6.4"]
[White "Schmitt, Gregory"]
[Black "Steininger, Denis"]
[Result "0-1"]
[WhiteElo "2015"]
[BlackElo "1980"]
[PlyCount "71"]
[EventDate "2013.??.??"]

1. c4 e5 2. g3 f5 3. Nc3 Nf6 4. Nf3 Nc6 5. d4 e4 6. Nh4 g6 7. Bg5 Bb4 8. a3
Bxc3+ 9. bxc3 O-O 10. Ng2 Na5 11. e3 Kg7 12. Nf4 h6 13. Bxf6+ Rxf6 14. Be2 Qg8
15. d5 d6 16. Rb1 Qe8 17. O-O b6 18. c5 dxc5 19. Bb5 Qe5 20. Qa4 Qxc3 21. Bd7
Qc4 {Diagramme #} 22. Rb4 cxb4 23. Bxc8 c6 24. Be6 b3 25. Qb4 Qxb4 26. axb4 Nc4
27. dxc6 Rxe6 28. Nxe6+ Kf6 29. Nd4 Nd2 30. Nxb3 Nxb3 31. Rd1 Ke6 32. Rd7 a5
33. Rg7 a4 34. c7 a3 35. Rxg6+ Kd7 36. Rxb6 0-1

[Event "Championnat de Lorraine 2013"]
[Site "Hayange"]
[Date "2013.05.20"]
[Round "6.7"]
[White "Schweitzer, Marc"]
[Black "Durando, Didier"]
[Result "0-1"]
[WhiteElo "1954"]
[BlackElo "2015"]
[PlyCount "84"]
[EventDate "2013.??.??"]

1. c4 e6 2. Nc3 b6 3. d4 Bb7 4. Nf3 f5 5. Bg5 Be7 6. Bxe7 Qxe7 7. e3 Nf6 8. Be2
d6 9. d5 e5 10. Qc2 g6 11. O-O-O Nbd7 12. Nd2 e4 13. Nb3 a5 14. a4 O-O-O 15.
Nd4 Nc5 16. h3 Nfd7 17. Ncb5 Ne5 18. Na7+ Kb8 {Diagramme #} 19. Nac6+ Bxc6 20.
Nxc6+ Nxc6 21. dxc6 Qe8 22. b3 Qxc6 23. Rd5 Na6 24. Qd2 Nb4 25. Rd4 Rd7 26. Kb1
Rhd8 27. Rc1 Qc5 28. g3 Qe5 29. Qb2 c5 30. Rd2 Qxb2+ 31. Kxb2 d5 32. Rcd1 d4
33. exd4 Rxd4 34. Kc3 Kc7 35. Rxd4 cxd4+ 36. Kb2 Kc6 37. Rd2 Kc5 38. Bf1 g5 39.
h4 gxh4 40. gxh4 f4 41. f3 e3 42. Rg2 d3 0-1

[Event "Championnat de Lorraine 2013"]
[Site "Hayange"]
[Date "2013.05.20"]
[Round "6.11"]
[White "Cappelletti, Robert"]
[Black "Kizil, Yilmaz"]
[Result "1-0"]
[WhiteElo "1869"]
[BlackElo "1680"]
[PlyCount "80"]
[EventDate "2013.??.??"]

1. e4 e5 2. Nf3 Nf6 3. Nxe5 d6 4. Nf3 Nxe4 5. d4 d5 6. Bd3 Bd6 7. O-O Bg4 8.
Re1 f5 9. c4 O-O 10. cxd5 c6 11. dxc6 Nxc6 12. Nbd2 Nxd4 13. Nxe4 fxe4 14. Bxe4
Bxf3 15. Bxf3 Qh4 16. Bd5+ Kh8 17. g3 Qf6 18. Be3 Nf5 19. Qd2 Nxe3 20. Qxe3
Rac8 21. Re2 Bc5 22. Qd2 Rcd8 23. Rd1 h6 24. Kg2 Rd6 25. Qc3 Qxc3 26. bxc3 b6
27. c4 a5 28. a4 Rdf6 29. f3 Rd6 30. h4 Bb4 31. f4 Rc8 32. Rf1 Rc7 33. f5 Rc8
34. g4 Rdd8 35. g5 Re8 36. Bc6 Red8 37. f6 gxf6 38. gxf6 Rd2 39. Rxd2 Bxd2 40.
f7 Rf8 1-0

[Event "Championnat de Lorraine 2013"]
[Site "Hayange"]
[Date "2013.05.20"]
[Round "6.16"]
[White "Santamarianova, Fabrice"]
[Black "Ribeiro, Adrien"]
[Result "1-0"]
[WhiteElo "1858"]
[BlackElo "1616"]
[PlyCount "49"]
[EventDate "2013.??.??"]

1. c4 g6 2. g3 Bg7 3. Bg2 Nf6 4. Nc3 O-O 5. d3 c5 6. Bd2 d6 7. Qc1 Re8 8. Nf3
d5 9. cxd5 Nxd5 10. Nxd5 Qxd5 11. Bc3 e5 12. O-O {Diagramme #} 12... Nc6 13.
Nxe5 Qe6 14. Nxc6 Bxc3 15. Qxc3 bxc6 16. Qxc5 Bb7 17. e3 Rad8 18. Qxa7 Re7 19.
d4 Qc8 20. Qc5 Qc7 21. Rfc1 Re6 22. b4 Rf6 23. b5 Rf5 24. Qb4 Rxb5 25. Qxb5 1-0

[Event "Championnat de Lorraine 2013"]
[Site "Hayange"]
[Date "2013.05.20"]
[Round "6.22"]
[White "Pierrot, Philippe"]
[Black "Pucher, Daniel"]
[Result "1/2-1/2"]
[WhiteElo "1575"]
[BlackElo "1645"]
[PlyCount "39"]
[EventDate "2013.??.??"]

1. e4 c6 2. d4 d5 3. exd5 cxd5 4. c3 Nf6 5. Bf4 Nc6 6. h3 a6 7. Nf3 Bf5 8. Be2
e6 9. Nbd2 Bd6 10. Bxd6 Qxd6 11. O-O O-O 12. Re1 Rac8 13. Nh4 Ne7 (13... Nxd4
14. cxd4 Bc2 15. Qc1 Ba4 16. Qb1 Bc2 17. Qc1 $11) 14. Nxf5 Nxf5 15. Bd3 Qf4 16.
Nf3 Nh4 17. Nxh4 Qxh4 18. Qf3 Qg5 19. Re5 Qd2 20. Re2 1/2-1/2

[Event "Championnat de Lorraine 2013"]
[Site "Hayange"]
[Date "2013.05.20"]
[Round "7.11"]
[White "Muller, Christophe"]
[Black "Schweitzer, Marc"]
[Result "0-1"]
[WhiteElo "1838"]
[BlackElo "1954"]
[PlyCount "42"]
[EventDate "2013.??.??"]

1. d4 Nf6 2. c4 e6 3. Nf3 d5 4. g3 Be7 5. Bg2 O-O 6. O-O c5 7. Qc2 cxd4 8. Nxd4
Nc6 9. Nxc6 bxc6 10. c5 a5 11. Rd1 Nd7 12. e4 Bxc5 13. exd5 cxd5 14. Nc3 Ba6
15. Qa4 Nf6 16. Bg5 h6 17. Nxd5 hxg5 18. Nxf6+ Qxf6 19. Bxa8 Qxf2+ 20. Kh1 Rxa8
21. Qc6 Ra7 0-1

[Event "Championnat de Lorraine 2013"]
[Site "Hayange"]
[Date "2013.05.20"]
[Round "7.15"]
[White "Paperini, Robert"]
[Black "Roby, Simon"]
[Result "1-0"]
[WhiteElo "1608"]
[BlackElo "1688"]
[PlyCount "18"]
[EventDate "2013.??.??"]

1. e4 d5 2. exd5 Qxd5 3. Nc3 Qa5 4. d4 Nf6 5. Nf3 Bg4 6. Be2 Nc6 7. a3 O-O-O 8.
Be3 e5 9. b3 Qb6 (9... Qb6 10. d5 Bc5 11. Na4 Qa5+ 12. Bd2 Bxf2+ 13. Kxf2 Qxd5)
1-0